00413nam a2200157Ia 4500003000400000008004100004040001600045082001300061100002300074245004500097260004200142300001000184490002400194650001500218650002200233GCL140319s9999 xx 000 0 eng d aGCL / cGCL04a843bM I1 aMATZNEEFF, GEBRIEL10aIVRS DU VIN PERDU / cMATZNEEFF, GEBRIEL a[S.N] : bLE LIVRE DE POCHE ، c1992 a376 P aCOLLECTION FOLIOv004aLITERATURE04aFRENCH LITERATURE